[Event "Extremadura-chT"]
[Site "Spain"]
[Date "2009.03.14"]
[Round "8.2"]
[White "Ruiz Adrian, Manuel"]
[Black "Arroyo Velasco, Juan Francisco"]
[Result "1-0"]
[WhiteElo "2025"]
[BlackElo "1923"]
[PlyCount "73"]
[EventDate "2009.01.17"]
[EventType "team-swiss"]
[EventRounds "9"]
[EventCountry "ESP"]
[SourceTitle "EXT 2011"]
[Source "ChessBase"]
[SourceDate "2010.11.26"]
[SourceVersion "1"]
[SourceVersionDate "2010.11.26"]
[SourceQuality "1"]
[WhiteTeam "Santa Isabel"]
[BlackTeam "Tierra de Barros"]
[WhiteTeamCountry "ESP"]
[BlackTeamCountry "ESP"]

1. e4 e6 2. d4 d5 3. e5 c5 4. c3 Nc6 5. Nf3 Qb6 6. a3 cxd4 7. cxd4 a5 8. Nc3 Nge7 9. Bd3 Bd7 10. Na4 Qa7 11. Nc5 Rd8 12. Nxd7 Rxd7 13. Qa4 Nc8 14. Be3 Nb6 15. Qb5 Be7 16. Rc1 0-0 17. 0-0 Rc8 18. Nd2 a4 19. Rc3 Rdc7 20. Rfc1 Bd8 21. Bb1 Qa6 22. Qxa6 bxa6 23. Bd3 Nb8 24. Rxc7 Rxc7 25. Rxc7 Bxc7 26. Nb1 h6 27. Nc3 Kf8 28. Kf1 Ke7 29. Ke2 Kd8 30. g4 Kc8 31. g5 hxg5 32. Bxg5 Kb7 33. h4 Nc6 34. Ke3 Na5 35. h5 Nac4+ 36. Ke2 Nxb2 37. Bf6 1-0

[Event "Extremadura-chT"]
[Site "Spain"]
[Date "2009.02.14"]
[Round "5.2"]
[White "Chamorro de la Morena, Jose Ramon"]
[Black "Arroyo Velasco, Juan Francisco"]
[Result "1-0"]
[WhiteElo "1820"]
[BlackElo "1923"]
[PlyCount "73"]
[EventDate "2009.01.17"]
[EventType "team-swiss"]
[EventRounds "9"]
[EventCountry "ESP"]
[SourceTitle "EXT 2011"]
[Source "ChessBase"]
[SourceDate "2010.11.26"]
[SourceVersion "1"]
[SourceVersionDate "2010.11.26"]
[SourceQuality "1"]
[WhiteTeam "Cibeles"]
[BlackTeam "Tierra de Barros"]
[WhiteTeamCountry "ESP"]
[BlackTeamCountry "ESP"]

1. e4 e6 2. d3 d5 3. Nd2 c5 4. g3 Nc6 5. Bg2 Nf6 6. Ngf3 Be7 7. 0-0 0-0 8. e5 Nd7 9. Re1 Qc7 10. Qe2 Rd8 11. Nf1 b6 12. h4 Ba6 13. Bf4 Nd4 14. Nxd4 cxd4 15. Nh2 Rac8 16. Rec1 Bb5 17. Nf3 Qc5 18. Bd2 Ba6 19. a3 Qc7 20. Bf4 Nc5 21. Nxd4 Qd7 22. Qd2 Rc7 23. Bg5 Rdc8 24. Bf1 Bxg5 25. Qxg5 Qa4 26. Nf3 Nd7 27. b3 Qc6 28. c3 Nc5 29. Nd4 Qe8 30. Qd2 Nd7 31. f4 Qe7 32. c4 Qc5 33. Qe3 Qe7 34. Bg2 dxc4 35. dxc4 Bb7 36. Nb5 Rc5 37. Bxb7 1-0

[Event "Extremadura-chT"]
[Site "Spain"]
[Date "2009.01.31"]
[Round "3.2"]
[White "De Nacimiento Montano, Angel"]
[Black "Arroyo Velasco, Juan Francisco"]
[Result "1-0"]
[WhiteElo "2134"]
[BlackElo "1923"]
[PlyCount "45"]
[EventDate "2009.01.17"]
[EventType "team-swiss"]
[EventRounds "9"]
[EventCountry "ESP"]
[SourceTitle "EXT 2011"]
[Source "ChessBase"]
[SourceDate "2010.11.26"]
[SourceVersion "1"]
[SourceVersionDate "2010.11.26"]
[SourceQuality "1"]
[WhiteTeam "Merida Patrimonio"]
[BlackTeam "Tierra de Barros"]
[WhiteTeamCountry "ESP"]
[BlackTeamCountry "ESP"]

1. e4 e6 2. d4 d5 3. Nd2 Nf6 4. e5 Nfd7 5. Bd3 c5 6. c3 Nc6 7. Ne2 Qb6 8. Nf3 Be7 9. 0-0 Nf8 10. dxc5 Bxc5 11. b4 Be7 12. Ned4 Bd7 13. Be3 Nxd4 14. Nxd4 Qc7 15. Re1 Qxe5 16. Nb5 Ng6 17. Bxa7 Qg5 18. Nc7+ Kf8 19. Be3 Qe5 20. Nxa8 Bd6 21. g3 Qxc3 22. Nb6 Bc6 23. b5 1-0